[Event "Berlin Lichtenberger op 11th"]
[Site "Berlin"]
[Date "2012.08.20"]
[Round "3"]
[White "Remboldt, Viktor"]
[Black "Schulz, Martin"]
[Result "1-0"]
[WhiteElo "1802"]
[BlackElo "1648"]
[PlyCount "57"]
[EventDate "2012.08.18"]
[EventType "swiss"]
[EventRounds "9"]
[EventCountry "GER"]
[SourceTitle "CBM 150 Extra"]
[Source "ChessBase"]
[SourceDate "2012.10.19"]
[SourceVersion "1"]
[SourceVersionDate "2012.10.19"]
[SourceQuality "1"]

1. e4 e5 2. Nf3 Nf6 3. Nc3 d5 4. exd5 Nxd5 5. Bc4 Nxc3 6. bxc3 Bd6 7. Qe2 Bg4 8. 0-0 0-0 9. Qe4 Bxf3 10. Qxf3 c6 11. d3 Nd7 12. Qg4 Nf6 13. Qf3 Qd7 14. Bg5 Be7 15. Qg3 e4 16. Rfe1 Bd6 17. Qh4 Nd5 18. dxe4 Ne7 19. e5 Ng6 20. Qd4 Qf5 21. e6 Bxh2+ 22. Kxh2 Qxg5 23. exf7+ Kh8 24. Rad1 Nf4 25. Qe4 Qh4+ 26. Kg1 Qg5 27. g3 Nh3+ 28. Kg2 Nf4+ 29. Qxf4 1-0

[Event "Berlin Lichtenberger op 11th"]
[Site "Berlin"]
[Date "2012.08.18"]
[Round "1"]
[White "Remboldt, Viktor"]
[Black "Poseck, Steffen"]
[Result "0-1"]
[WhiteElo "1802"]
[BlackElo "2076"]
[PlyCount "42"]
[EventDate "2012.08.18"]
[EventType "swiss"]
[EventRounds "9"]
[EventCountry "GER"]
[SourceTitle "CBM 150 Extra"]
[Source "ChessBase"]
[SourceDate "2012.10.19"]
[SourceVersion "1"]
[SourceVersionDate "2012.10.19"]
[SourceQuality "1"]

1. e4 c5 2. Nf3 a6 3. c3 d5 4. exd5 Qxd5 5. d4 Nf6 6. Nbd2 e6 7. Bc4 Qd8 8. 0-0 b5 9. Bb3 Nc6 10. Re1 cxd4 11. Nxd4 Nxd4 12. cxd4 Qxd4 13. Qf3 Bc5 14. Rd1 Ra7 15. Qg3 Rd7 16. h3 Nh5 17. Qf3 Bb7 18. Qe2 Nf4 19. Qe3 Qxe3 20. fxe3 Bxe3+ 21. Kh2 Nxg2 0-1

[Event "Kiel op 25th"]
[Site "Kiel"]
[Date "2012.07.30"]
[Round "5"]
[White "Remboldt, Viktor"]
[Black "Moeller, Dustin"]
[Result "1/2-1/2"]
[WhiteElo "1802"]
[BlackElo "1838"]
[PlyCount "48"]
[EventDate "2012.07.28"]
[EventType "swiss"]
[EventRounds "9"]
[EventCountry "GER"]
[SourceTitle "EXT 2015"]
[Source "ChessBase"]
[SourceDate "2014.11.20"]
[SourceVersion "1"]
[SourceVersionDate "2014.11.20"]
[SourceQuality "1"]

1. e4 e6 2. d4 d5 3. Nc3 Bb4 4. e5 c5 5. a3 Bxc3+ 6. bxc3 Ne7 7. Qg4 Qc7 8. Qxg7 Rg8 9. Qxh7 cxd4 10. Ne2 dxc3 11. Qd3 Nbc6 12. Qxc3 Qxe5 13. Bf4 Qxc3+ 14. Nxc3 Nd4 15. 0-0-0 Nec6 16. Bb5 Ke7 17. Rhe1 Nxb5 18. Nxb5 Kf6 19. Nd6 b6 20. Nxc8 Raxc8 21. Bg3 Rg4 22. Rd3 Rc4 23. Ree3 Kg6 24. Bd6 Nd4 1/2-1/2

[Event "Kiel op 25th"]
[Site "Kiel"]
[Date "2012.07.29"]
[Round "4"]
[White "Gehrmann, Dorit"]
[Black "Remboldt, Viktor"]
[Result "1-0"]
[WhiteElo "1943"]
[BlackElo "1802"]
[PlyCount "65"]
[EventDate "2012.07.28"]
[EventType "swiss"]
[EventRounds "9"]
[EventCountry "GER"]
[SourceTitle "EXT 2015"]
[Source "ChessBase"]
[SourceDate "2014.11.20"]
[SourceVersion "1"]
[SourceVersionDate "2014.11.20"]
[SourceQuality "1"]

1. e4 e5 2. d4 exd4 3. Qxd4 Nc6 4. Qe3 d6 5. Bd2 Nf6 6. Nc3 g6 7. Bc4 Bg7 8. 0-0-0 0-0 9. f4 Qe7 10. Nf3 Bg4 11. h3 Bxf3 12. gxf3 Rfe8 13. Kb1 Rad8 14. Be1 Nd7 15. Nd5 Qf8 16. Nxc7 Nb6 17. Bb3 Re7 18. Nd5 Nxd5 19. Bxd5 Rc7 20. h4 Rdc8 21. h5 Ne7 22. Bb3 Kh8 23. Bb4 d5 24. Bxe7 Qxe7 25. h6 Bf6 26. e5 Qe8 27. Qd4 Be7 28. Qxd5 Kg8 29. Qe4 Qb5 30. f5 Kf8 31. fxg6 Rxc2 32. Bxc2 Rc4 33. Qd3 1-0

[Event "Leipzig VfB op 19th"]
[Site "Leipzig"]
[Date "2012.03.11"]
[Round "9"]
[White "Teichmann, Felix"]
[Black "Remboldt, Viktor"]
[Result "1/2-1/2"]
[WhiteElo "1834"]
[BlackElo "1512"]
[PlyCount "63"]
[EventDate "2012.03.06"]
[EventType "swiss"]
[EventRounds "9"]
[EventCountry "GER"]
[SourceTitle "CBM 147 Extra"]
[Source "ChessBase"]
[SourceDate "2012.04.24"]
[SourceVersion "1"]
[SourceVersionDate "2012.04.24"]
[SourceQuality "1"]

1. d4 Nf6 2. Nf3 d5 3. Bf4 c6 4. e3 e6 5. Bd3 Nbd7 6. Nbd2 c5 7. c3 b6 8. Bb5 Bb7 9. Ne5 a6 10. Bc6 Bxc6 11. Nxc6 Qc8 12. Ne5 Be7 13. h4 c4 14. h5 h6 15. Qf3 Nh7 16. Qg3 Ng5 17. Bxg5 Bxg5 18. Ndf3 Nxe5 19. dxe5 Qd8 20. Nxg5 Qxg5 21. Qxg5 hxg5 22. Ke2 Kd7 23. Rh3 Rh6 24. f4 gxf4 25. exf4 Rah8 26. Rah1 Ke7 27. g4 g6 28. hxg6 Rxh3 29. Rxh3 Rg8 30. gxf7 Rxg4 31. Kf3 Rg1 32. Rh2 1/2-1/2

[Event "Leipzig VfB op 19th"]
[Site "Leipzig"]
[Date "2012.03.10"]
[Round "8"]
[White "Remboldt, Viktor"]
[Black "Hauff, Andre"]
[Result "0-1"]
[WhiteElo "1512"]
[BlackElo "1984"]
[PlyCount "64"]
[EventDate "2012.03.06"]
[EventType "swiss"]
[EventRounds "9"]
[EventCountry "GER"]
[SourceTitle "CBM 147 Extra"]
[Source "ChessBase"]
[SourceDate "2012.04.24"]
[SourceVersion "1"]
[SourceVersionDate "2012.04.24"]
[SourceQuality "1"]

1. e4 g6 2. d4 Bg7 3. Nf3 c5 4. Nc3 cxd4 5. Nxd4 Nc6 6. Be3 a6 7. g3 h5 8. a4 Nf6 9. h3 d5 10. exd5 Nxd5 11. Bg2 Nxe3 12. Bxc6+ bxc6 13. fxe3 Qc7 14. Qf3 Bb7 15. Rf1 0-0 16. Nde2 c5 17. Qf2 Rad8 18. g4 hxg4 19. hxg4 Qb6 20. Rb1 Bf6 21. Qf4 Bh4+ 22. Ng3 Qb4 23. e4 e5 24. Qf3 Rd4 25. Ke2 Bxg3 26. Qxg3 Bxe4 27. Qxe5 Qc4+ 28. Ke3 Bxc2 29. Rh1 Rd3+ 30. Kf2 Qd4+ 31. Qxd4 cxd4 32. Rbc1 Rd2+ 0-1

[Event "Leipzig VfB op 19th"]
[Site "Leipzig"]
[Date "2012.03.06"]
[Round "1"]
[White "Jaehn, Michael"]
[Black "Remboldt, Viktor"]
[Result "1-0"]
[WhiteElo "1936"]
[BlackElo "1512"]
[PlyCount "49"]
[EventDate "2012.03.06"]
[EventType "swiss"]
[EventRounds "9"]
[EventCountry "GER"]
[SourceTitle "CBM 147 Extra"]
[Source "ChessBase"]
[SourceDate "2012.04.24"]
[SourceVersion "1"]
[SourceVersionDate "2012.04.24"]
[SourceQuality "1"]

1. d4 Nf6 2. Nf3 d5 3. c4 c6 4. Nc3 e6 5. g3 Nbd7 6. Bg2 Be7 7. 0-0 0-0 8. Qc2 b6 9. Rd1 Bb7 10. e4 dxe4 11. Nxe4 Nxe4 12. Qxe4 Nf6 13. Qe2 Qc8 14. b3 c5 15. d5 exd5 16. cxd5 Bd6 17. Bb2 Nxd5 18. Ng5 Qf5 19. h4 Rfe8 20. Qd3 Qxd3 21. Rxd3 Be5 22. Bxe5 Rxe5 23. f4 Re7 24. Bxd5 Rd8 25. Bxf7+ 1-0